Statistiques concernant Les 10 rappeurs les plus écoutés de la décennie sur Spotify en France

Cliquez ici pour prendre le quiz!

Statistiques générales

  • Ce quiz a été pris 5 434 fois
  • Le résultat moyen est 6 sur 10

Statistiques - réponses

Rappeur% Correct
Jul
89%
Ninho
84%
Booba
81%
PNL
72%
Damso
68%
Nekfeu
61%
Niska
56%
Gims
41%
Orelsan
41%
Drake
11%

Distribution des résultats

Percentile par nombre de réponses

% des personnes avec chaque résultat

Votre développement - résultats

Vous n’avez pas pris ce quiz